Statistiques concernant Films dont le titre commence par un A (2) Version facile

Cliquez ici pour prendre le quiz!

Statistiques générales

  • Ce quiz a été pris 21 fois
  • Le résultat moyen est 5 sur 30

Statistiques - réponses

AnnéeRéalisateurGenre
1 acteur ou
1 actrice
TitreIndice facile% Correct
1998M. BayCatastropheBruce WillisArmageddon*
60%
2001A. ChabatComédieGérard DepardieuAstérix et Obélix mission Cléopâtremission
60%
2016Ph. LacheauComédiePhilippe LacheauAlibi.com*
50%
2009J. CameronScience-fictionZoé SaldanaAvatar*
50%
1997W. PetersenAventuresHarrison FordAir Force OneAir
40%
2020C. VignalComédieLaure CalamyAntoinette dans les CévennesCévennes
35%
1997J. RoachComédieMike MyersAustin Powers*
30%
2015C. EastwoodBiographieBradley CooperAmerican Sniper*
25%
2008E. ChatillezComédieValérie LemercierAgathe Cléry*
20%
2013Ph. Le GuayComédieFabrice LuchiniAlceste à bicyclettebicylette
20%
2004J-P SaloméAventuresRomain DurisArsène Lupin*
20%
2004M. ScorseseBiographieMartin ScorseseAviator*
20%
1999P. WeltzComédieJason BiggsAmerican pie*
15%
2022E. BergerGuerreDaniel BrühlA l'ouest rien de nouveaurien
10%
2015F. DesagnatComédieAndré DussolierAdopte un veufveuf
5%
2018D. AuteuilComédie dramatiqueDaniel AuteuilAmoureux de ma femmefemme
5%
2007F. OzonDrameTom GeorgesonAngel*
5%
2008Ed HarrisWesternViggo MortensenAppaloosa*
5%
2012P. ThomasPolicierAndré DussolierAssociés contre le crimecrime
5%
2002D. TwohyFantastiqueChris BridgemanAbîmes*
0%
2006V. Bruni-TedeschiComédie dramatiqueValeria BruniActrices*
0%
2014A. ResnaisComédieAndré DussolierAimer, boire et chanterboire
0%
2016J. BobinFantastiqueJohnny DeppAlice de l'autre côté du miroircôté
0%
2013A. ZeitounDrameTomer SisleyAngélique*
0%
2012J. WrightDrameJude LawAnna Karenine*
0%
2010J. MalaterreHistoriqueHelmi DridiAo le dernier néandertaldernier
0%
2011G. Lopez-GallegoEpouvanteKurt Max RunteApollo 18*
0%
2016K. Mendonça FilhoDrameIrandhir SantosAquarius*
0%
2013J-P LilienfeldThrillerSophie MarceauArrêtez moi*
0%
2016J. KurzelActionMichael FassbenderAssassin's Creed*
0%

Distribution des résultats

Percentile par nombre de réponses

% des personnes avec chaque résultat

Votre développement - résultats

Vous n’avez pas pris ce quiz